|
|
|
|
| LEADER |
00937nam a2200289 a 4500 |
| 001 |
28940 |
| 003 |
BD-DhAAL |
| 005 |
20150913020002.0 |
| 008 |
150330r19961947nyu 000 1 eng |
| 010 |
|
|
|a 2010284366
|
| 020 |
|
|
|a 0140189386
|
| 020 |
|
|
|a 9780143106104 (pbk.)
|
| 020 |
|
|
|a 0143106104 (pbk.)
|
| 040 |
|
|
|a DLC
|c DLC
|d BD-DhAAL
|
| 050 |
0 |
0 |
|a PS3503.E4488
|b V5 2010
|
| 082 |
0 |
0 |
|a 813.52
|2 22
|
| 100 |
1 |
|
|a Bellow, Saul.
|9 5997
|
| 245 |
1 |
4 |
|a The victim /
|c Saul Bellow.
|
| 260 |
|
|
|a New York :
|b Penguin Books,
|c 1996.
|
| 300 |
|
|
|a 264 p. ;
|c 20 cm.
|
| 490 |
0 |
|
|a Penguin classics
|
| 541 |
|
|
|e 28940
|
| 650 |
|
0 |
|a Strangers
|v Fiction.
|9 10162
|
| 651 |
|
0 |
|a New York (N.Y.)
|v Fiction.
|9 7250
|
| 942 |
|
|
|2 ddc
|c BK
|0 1
|
| 999 |
|
|
|c 34172
|d 34172
|
| 952 |
|
|
|0 0
|1 0
|2 ddc
|4 0
|6 813_520000000000000_BEL
|7 0
|9 53322
|a BRACUL
|b BRACUL
|c GEN
|d 2015-03-30
|e Paragon Enterprise
|g 820.00
|l 8
|m 32
|o 813.52 BEL
|p 3010028940
|r 2025-10-13
|s 2025-10-08
|t 1
|w 2015-03-30
|y BK
|